| 000 | 00597nas a2200241 i 4500 | ||
|---|---|---|---|
| 001 | 2698 | ||
| 003 | ES-MaACL | ||
| 005 | 20250805062559.0 | ||
| 007 | t| | ||
| 008 | 980126c1983 fr | | 0 ||re d | ||
| 022 | _a0751-0152 | ||
| 080 | _a316 | ||
| 245 | 0 | 0 | _aAutrement. Série monde. |
| 260 |
_aParis : _bAutrement, _c1983- |
||
| 300 |
_a22 v. ; _c25 cm. |
||
| 310 | _aIrregular | ||
| 362 | 0 | _a1983- | |
| 650 | 7 |
_aSociología _2embne _917195 |
|
| 780 | 0 | 1 | _wAutrement |
| 852 |
_aES-MaACL _jHEM-H-347 _xHem-2004 _d |
||
| 866 | 0 | _o1995 (1996-1998) 1999 (2000). | |
| 999 |
_c2698 _d2698 |
||